00285nam a2200109Ia 4500008004100000041000800041082001200049100002000061245004800081260002700129300001900156240719s9999 xx 000 0 und d aeng a823 AMI aAmish, Tripathi aThe Secret Of The Nagas The Shiva Trilogy 2 aNew DelhibWielyc2011 a372.; P. 22 Cm